000 00726cam a2200241 a 4500
001 sa 63002102
003 DLC
005 20260227111932.0
008 850702m19629999ii 001 0 beno
010 _asa 63002102
040 _aDLC
_cDLC
_dDLC
043 _aa-ii---
050 0 0 _aDS423
_b.C5412 1962
100 1 _aChatterji, Suniti Kumar,
_d1890-1977.
245 1 0 _aSāṃskr̥tikī. [lekhaka] Sunītikumāra Caṭṭopādhyāẏa.
250 _a1. saṃskaraṇa.
260 _aKalikātā :
_bBāk-Sāhitya,
_c1962-<1993 >
300 _av. 1-<4 > ;
_c22 cm.
500 _aIn Bengali.
500 _aVol. <3-4 > have imprint: Kalikātā : Ānanda.
500 _aIncludes index.
651 0 _aIndia
_xCivilization.
999 _c54320
_d54320